Corrupción y transparencia: debatiendo las fronteras entre Estado, mercado y sociedad
में बचाया:
| मुख्य लेखक: | |
|---|---|
| स्वरूप: | पुस्तक |
| भाषा: | स्पेनिश |
| प्रकाशित: |
Ciudad de México
Siglo XXI
2009
|
| संस्करण: | 1a. ed |
| श्रृंखला: | Sociología y Política
|
| विषय: | |
| टैग: |
टैग जोड़ें
कोई टैग नहीं, इस रिकॉर्ड को टैग करने वाले पहले व्यक्ति बनें!
|
MARC
| LEADER | 00000nam a2200000 a 4500 | ||
|---|---|---|---|
| 001 | UCG5251 | ||
| 003 | CL-VaPUC | ||
| 008 | 110120e20090000MX |||||||||||||||||spa|d | ||
| 020 | |a 9786070300738 | ||
| 082 | 0 | 4 | |a 364.1323 |b SAN |2 21 |
| 100 | 0 | |a Sandoval Ballesteros, Irma Eréndira |e author |9 554882 | |
| 245 | 1 | 0 | |a Corrupción y transparencia: debatiendo las fronteras entre Estado, mercado y sociedad |
| 250 | |a 1a. ed | ||
| 300 | |a 503 p | ||
| 942 | |c BK | ||
| 945 | |d 20110120 00:00:00 |a cmena | ||
| 260 | |a Ciudad de México |b Siglo XXI |c 2009 | ||
| 650 | 0 | |a Corrupción política |9 376572 | |
| 650 | 0 | |a Aspectos económicos |9 255165 | |
| 650 | 0 | |a Democracia |9 255256 | |
| 650 | 0 | |a Poder político |9 255509 | |
| 583 | |a last modification |c 20110120 00:00:00 |k Rodrigo Vera | ||
| 490 | 0 | |a Sociología y Política | |
| 999 | |c 343810 |d 343808 | ||
| 952 | |0 0 |1 0 |4 0 |6 364_132300000000000_SAN_2009 |7 0 |8 A |9 441429 |a BIBGIM |b BIBGIM |d 2019-11-22 |i 4750632 |o 364.1323 SAN 2009 |p 4750632 |r 2025-01-15 |w 2019-11-22 |y BK |k SSL | ||